000 01319cam a22003617a 4500
003 CHAP
005 20220329141408.0
008 971013s1981 r 00010 d
010 _a67470
011 _a68442
035 _a77914
040 _cCHAP
090 _aFolleto 11842
100 0 0 _aEscobar, Germán.
_937527
245 0 _aValidación de dos opciones tecnológicas para el sistema de producción maíz-maíz utilizado por los pequeños agricultores del Atlántico de Costa Rica
260 _aTurrialba, C.R. :
_bCentro Agronómico Tropical de Investigación y Enseñanza,
_c1981
300 _a36 p.
490 0 _aSerie técnica. Informe técnico
_v; 23
590 _aBATCH-UPD
_b10
_c20130110
_lUCH01
_h0150
590 _aBATCH-UPD
_b10
_c20130110
_lUCH01
_h1937
590 _aBATCH-UPD
_b10
_c20130409
_lUCH01
_h2150
590 _aBATCH-UPD
_b10
_c20130410
_lUCH01
_h1301
590 _aBATCH-UPD
_b10
_c20130914
_lUCH01
_h1754
590 _aCONVERSION
_b10
_c20130109
_lUCH01
_h1337
650 1 4 _aMaíz
_xCosta Rica.
_970914
650 1 4 _aMaíz
_xRendimiento.
_971051
650 1 4 _aSistemas de cultivo.
_9106746
700 0 _aShenk, Myron D.
_9105623
830 0 _aSerie técnica. Informe técnico
_v; 23
_9105064
901 _aBK
942 _cFOLL
949 _aFolleto 11842
_bBC
_cFOLL
_d-30787
_eTS1
_i77914
_mD
_si
999 _c67470
_d67470